Responses for Show #6234 - Thursday, October 27, 2011

Clip of Sunny Stalter's contestant interview from this game appeared in a clue in show #8048, aired 2019-09-11.

Contestants

[<< previous game]

Alex Johnson, an actor and theater intern originally from Danvers, Massachusetts

Sunny Stalter, an English professor from Auburn, Alabama

Gabor Vari, a psychiatrist from Los Angeles, California (whose 2-day cash winnings total $58,402)

[next game >>]

Jeopardy! Round responses

ADDRESS ME
FILL IN THE ANIMAL
THE EMPIRE STRIKES PLAQUE
THE "BEST" OF EVERYTHING
MOST POPULAR BABY NAMES BY YEAR
MYTHBUSTERS
(Jamie: I'm Jamie.) (Adam: And I'm Adam from Mythbusters, where we use the scientific method...) (Jamie: ...and the love of making things go "boom"...) (Adam: ...to tell fact from fiction.)
    $200 1
the Simpsons

Gabor
    $200 7
Birds

Gabor
    $200 28
gum

Alex
    $200 6
the best man

Alex
    $200 17
(Gabor: Who is Gabriel?)

Michael

GaborAlex
    $200 18
helium

Gabor
    $400 2
SpongeBob

Gabor
    $400 10
Tiger

Gabor
    $400 20
fluoride

Gabor
    $400 8
your best foot

Gabor
    $1,600 24
(Alex Trebek: Not Charlotte, not Anne, but [*].)

Emily

Sunny
    $400 19
steam

Gabor
    $600 3
Ray's parents

Triple Stumper
    $600 14
Leopard

Sunny
    $600 13
(Gabor: What is a root canal?)

an extraction

GaborSunny
    $600 9
the best boy

Sunny
    $600 16
(Alex Johnson: Uh, who is Mark?)

John

SunnyAlex
    $600 27
a g

Gabor
    $800 4
21 Jump Street

Sunny
    $800 15
monkey

Gabor
    $800 12
(Sunny: What is lead?)

mercury

GaborSunny
    $800 11
Best Western

Gabor
    $800 25
(Gabor: What is Peter?)

Robert

GaborSunny
    $800 29
(Sunny: Who is Pythagoras?)
[The end-of-round signal sounds.]
(Alex Trebek: And I saw that show, by the way.)

Archimedes

SunnyAlex
    $1000 5
I Dream of Jeannie

Sunny
    $1000 22
dog

Sunny
    $1000 21
the National Health Service

Sunny
    $1000 23
The Best Years of Our Lives

Sunny
    $1000 26
(Alex Trebek: With less than a minute, here we go.)

Linda

Gabor

Scores at the first commercial break (after clue 14):

Gabor Sunny Alex
$2,600 $2,800 $200

Scores at the end of the Jeopardy! Round:

Gabor Sunny Alex
$5,000 $8,000 $800

Double Jeopardy! Round responses

ADDRESS ME
THE TONY AWARD FOR BEST PLAY
CERAMICS
MY "K"OUNTRY
POSTHUMOUS POP HITS
MAKING WORDS
    $400 17
the Gettysburg Address

Alex
    $400 1
(Gabor: What is Miss Saigon?)

M. Butterfly

Gabor
Triple Stumper
    $400 26
kiln

Gabor
    $400 9
Kazakhstan

Alex
    $400 15
(Otis) Redding

Gabor
    $400 11
watershed

Gabor
    $800 22
1775

Gabor
    $2,000 2
Doubt

Alex
    $800 27
blue

Sunny
    $800 8
Kyrgyzstan

Alex
    $800 18
Jim Croce

Sunny
    $800 12
thousand

Gabor
    $1200 23
(Alex Trebek: Right, with a minute to go.)

MacArthur

Alex
    $1200 3
The Elephant Man

Alex
    $1200 28
(Gabor: What is glass?)
(Sunny: What is chalk?)
[The end-of-round signal sounds.]

clay

GaborSunny
Triple Stumper
    $1200 5
Kosovo

Gabor
    $1200 19
John Lennon

Triple Stumper
    $1200 13
committee

Gabor
    $1600 24
(Gabor: Who is Gandhi?)

Nehru

GaborSunny
    $1600 4
Biloxi Blues

Gabor
    $5,600 6
Kenya

Gabor
    $1600 20
Roy Orbison

Sunny
    $1600 14
(Gabor: What is cardamom?)

caraway

GaborSunny
    $2000 25
one-third

Sunny
    $2000 10
(Alex Johnson: What is, uh, Next to Normal?)

War Horse

Alex
Triple Stumper
    $2000 7
Kiribati

Gabor
    $2000 21
Selena

Triple Stumper
    $2000 16
damage

Triple Stumper

Scores at the end of the Double Jeopardy! Round:

Gabor Sunny Alex
$14,600 $15,200 $4,800

[wagering suggestions for these scores]

Final Jeopardy! Round responses

MOVIES
AlexWhat is Scream?
$4,800
GaborWhat is Scream?
$4,999
SunnyWhat is the Scream series?
$14,000
Scream

Final scores:

Gabor Sunny Alex
$19,599 $29,200 $9,600
2nd place: $2,000 New champion: $29,200 3rd place: $1,000

Game dynamics:

Coryat scores:

Gabor Sunny Alex
$10,600 $14,000 $3,600
23 R
(including 1 DD),
7 W
17 R
(including 1 DD),
3 W
10 R
(including 1 DD),
2 W

Combined Coryat: $28,200

[game clues] [game scores] [suggest correction]

Game tape date: 2011-09-20
The J! Archive is created by fans, for fans. Scraping, republication, monetization, and malicious use prohibited; this site may use cookies and collect identifying information. See terms. The Jeopardy! game show and all elements thereof, including but not limited to copyright and trademark thereto, are the property of Jeopardy Productions, Inc. and are protected under law. This website is not affiliated with, sponsored by, or operated by Jeopardy Productions, Inc. Join the discussion at JBoard.tv.